000 01078cam a22003011 4500
001 2612
003 BD-RjUL
005 20211208233605.0
008 131212r1963 xx 000 0 eng
035 _a(BD-RjUL)2639
035 _a(OCoLC)1526531
040 _aDLC
_cFJUNF
_dOCoLC
_dUk
_dDLC
_dBD-RjUL
_beng
041 _aeng
082 _a330.9931
_bCON
100 1 _aCondliffe, J. B.
_q(John Bell),
_d1891-1981.
_98451
245 1 0 _aNew Zealand in the making :
_ba study of economic and social development /
_cJ B Condliffe
250 _a[2d rev. ed.]
260 _aLondon :
_bAllen & Unwin ,
_c1959 [2nd. Imp. 1963].
300 _a316 p. ;
_c22 cm.
504 _aIncludes bibliography.
651 0 _aNew Zealand
_xEconomic conditions.
_98452
651 0 _aNew Zealand
_xSocial conditions.
_98453
651 0 _aNew Zealand
_xPolitics and government.
_98454
856 _uhttp://www.worldcat.org/title/new-zealand-in-the-making-a-study-of-economic-and-social-development/oclc/1526531&referer=brief_results
942 _2ddc
_cBK
999 _c2612
_d2612